Statistics for Disney songs

Click here to take the quiz!

General Stats

  • This quiz has been taken 52 times
  • The average score is 6 of 7

Answer Stats

QuestionAnswer% Correct
Into the unknownFrozen 2
98%
Mother knows bestTangled
96%
Feed the birdsMary Poppins
91%
Friend like meAladdin
89%
Poor unfortunate soulsThe little mermaid
87%
When you wish upon a starPinocchio
85%
Someday my prince will comeSnow white
78%

Score Distribution

Percentile by Number Answered

Percent of People with Each Score

Your Score History

You have not taken this quiz